[Event "EYCC 2017"]
[Site "Mamaia"]
[Date "2017.09.06"]
[Round "2"]
[White "Popov, Konstantin"]
[Black "Laux, Dominik"]
[Result "1/2-1/2"]
[WhiteElo "2141"]
[BlackElo "1874"]
[Annotator "NA"]
[PlyCount "85"]
[EventDate "2017.??.??"]
[EventType "swiss"]
[EventCountry "ROU"]
[SourceTitle "playchess.com"]
[Source "ChessBase"]
[SourceQuality "1"]
[TimeControl "40/5400+30:1800+30"]

1. e4 {[%emt 0:00:00]} g6 {[%emt 0:00:12]} 2. d4 {[%emt 0:00:41]} Bg7 {[%emt 0:00:09]} 3. Nc3 {[%emt 0:00:50]} c6 {[%emt 0:00:13]} 4. g3 {[%emt 0:01:20]} d5 {[%emt 0:01:40]} 5. exd5 {[%emt 0:19:18]} cxd5 {[%emt 0:00:05]} 6. Bg2 {[%emt 0:00:10]} e6 {[%emt 0:00:28]} 7. Nce2 {[%emt 0:00:58]} Nc6 {[%emt 0:01:59]} 8. c3 {[%emt 0:00:19]} Nge7 {[%emt 0:01:43]} 9. Nf3 {[%emt 0:01:20]} b6 {[%emt 0:01:04]} 10. O-O {[%emt 0:01:36]} O-O {[%emt 0:03:03]} 11. Bf4 {[%emt 0:04:37]} f6 {[%emt 0:06:49]} 12. Qd2 {[%emt 0:08:27]} Ba6 {[%emt 0:09:22]} 13. Rfe1 {[%emt 0:08:58]} e5 {[%emt 0:07:38]} 14. dxe5 {[%emt 0:03:35]} fxe5 {[%emt 0:00:12]} 15. Be3 {[%emt 0:14:40]} Qd6 {[%emt 0:06:18]} 16. Ng5 {[%emt 0:06:24]} Rad8 {[%emt 0:01:59]} 17. f4 {[%emt 0:01:54]} e4 {[%emt 0:03:11]} 18. Nd4 {[%emt 0:09:21]} Nxd4 {[%emt 0:01:28]} 19. Bxd4 {[%emt 0:01:30]} Bxd4+ {[%emt 0:01:35]} 20. Qxd4 {[%emt 0:01:35]} Nf5 {[%emt 0:01:14]} 21. Qd1 {[%emt 0:01:55]} Bd3 {[%emt 0:07:52]} 22. Ne6 {[%emt 0:05:45]} Qxe6 {[%emt 0:01:39]} 23. Qxd3 {[%emt 0:00:02]} Qc6 {[%emt 0:01:11]} 24. Qd2 {[%emt 0:00:40]} Rd6 {[%emt 0:01:34]} 25. Rad1 {[%emt 0:02:35]} Rfd8 {[%emt 0:01:35]} 26. Qe2 {[%emt 0:00:43]} b5 {[%emt 0:04:16]} 27. Qf2 {[%emt 0:02:19]} a6 {[%emt 0:04:04]} 28. g4 {[%emt 0:00:28]} Ng7 {[%emt 0:01:27]} 29. h3 {[%emt 0:00:58]} Rf8 {[%emt 0:01:30]} 30. Qe3 {[%emt 0:00:26]} Ne6 {[%emt 0:03:18]} 31. Rf1 {[%emt 0:00:54]} Nc5 {[%emt 0:02:41]} 32. Rd2 {[%emt 0:01:00]} Nd3 {[%emt 0:00:48]} 33. Kh1 {[%emt 0:00:28]} Rdf6 {[%emt 0:01:17]} 34. Rxd3 {[%emt 0:00:36]} exd3 {[%emt 0:00:27]} 35. Qxd3 {[%emt 0:00:01]} Rd6 {[%emt 0:01:11]} 36. f5 {[%emt 0:00:30]} Qc4 {[%emt 0:01:05]} 37. Qg3 {[%emt 0:00:17]} Rdd8 {[%emt 0:03:43]} 38. Qe5 {[%emt 0:01:06]} d4 {[%emt 0:01:10]} 39. cxd4 {[%emt 0:00:33]} Qxd4 {[%emt 0:00:45]} 40. Qe6+ {[%emt 0:00:00]} Kh8 {[%emt 0:00:14]} 41. Qxa6 {[%emt 0:18:35]} gxf5 {[%emt 0:03:30]} 42. Qxb5 {[%emt 0:05:58]} fxg4 {[%emt 0:00:49]} 43. Rxf8+ {[%emt 0:02:39]} 1/2-1/2

[Event "EYCC 2017"]
[Site "Mamaia"]
[Date "2017.09.06"]
[Round "2"]
[White "Shafigullina, Zarina"]
[Black "Coman, Emilia-Florentina"]
[Result "1-0"]
[WhiteElo "2130"]
[BlackElo "1821"]
[Annotator "NA"]
[PlyCount "47"]
[EventDate "2017.??.??"]
[EventType "swiss"]
[EventCountry "ROU"]
[SourceTitle "playchess.com"]
[Source "ChessBase"]
[SourceQuality "1"]
[TimeControl "40/5400+30:1800+30"]

1. d4 {[%emt 0:00:00]} e6 {[%emt 0:00:16]} 2. Nf3 {[%emt 0:00:00]} Nf6 {[%emt 0:00:12]} 3. g3 {[%emt 0:00:07]} b5 {[%emt 0:00:36]} 4. Qd3 {[%emt 0:04:42]} Ba6 {[%emt 0:06:54]} 5. c3 {[%emt 0:08:08]} b4 {[%emt 0:13:12]} 6. c4 {[%emt 0:01:49]} d5 {[%emt 0:01:31]} 7. b3 {[%emt 0:01:25]} c5 {[%emt 0:05:07]} 8. Bg2 {[%emt 0:04:57]} Nbd7 {[%emt 0:04:13]} 9. a3 {[%emt 0:14:34]} Qb6 {[%emt 0:08:41]} 10. axb4 {[%emt 0:01:29]} cxb4 {[%emt 0:11:15]} 11. Nbd2 {[%emt 0:01:40]} Rc8 {[%emt 0:02:00]} 12. O-O {[%emt 0:02:30]} Be7 {[%emt 0:02:17]} 13. Re1 {[%emt 0:03:12]} O-O {[%emt 0:17:58]} 14. c5 {[%emt 0:04:16]} Bxd3 {[%emt 0:01:44]} 15. cxb6 {[%emt 0:00:06]} Bb5 {[%emt 0:00:07]} 16. bxa7 {[%emt 0:03:21]} Ra8 {[%emt 0:01:28]} 17. e4 {[%emt 0:07:09]} dxe4 {[%emt 0:08:49]} 18. Ne5 {[%emt 0:02:41]} Nd5 {[%emt 0:06:46]} 19. Nxd7 {[%emt 0:00:24]} Bxd7 {[%emt 0:00:12]} 20. Bxe4 {[%emt 0:00:06]} Bf6 {[%emt 0:01:40]} 21. Bb2 {[%emt 0:01:15]} Rfc8 {[%emt 0:01:28]} 22. Nc4 {[%emt 0:01:52]} Rc7 {[%emt 0:01:39]} 23. Bxd5 {[%emt 0:00:12]} exd5 {[%emt 0:02:19]} 24. Nb6 {[%emt 0:00:06]} 1-0

[Event "EYCC 2017"]
[Site "Mamaia"]
[Date "2017.09.06"]
[Round "2"]
[White "Dolgun, Can"]
[Black "Biletskiy, Danylo"]
[Result "0-1"]
[WhiteElo "2128"]
[BlackElo "1866"]
[Annotator "NA"]
[PlyCount "134"]
[EventDate "2017.??.??"]
[EventType "swiss"]
[EventCountry "ROU"]
[SourceTitle "playchess.com"]
[Source "ChessBase"]
[SourceQuality "1"]
[TimeControl "40/5400+30:1800+30"]

1. e4 {[%emt 0:00:00]} c5 {[%emt 0:00:01]} 2. Nf3 {[%emt 0:00:00]} Nc6 {[%emt 0:00:04]} 3. Bb5 {[%emt 0:00:00]} g6 {[%emt 0:00:07]} 4. Bxc6 {[%emt 0:00:02]} bxc6 {[%emt 0:00:30]} 5. O-O {[%emt 0:00:43]} Bg7 {[%emt 0:00:03]} 6. Re1 {[%emt 0:02:12]} Nf6 {[%emt 0:02:31]} 7. c3 {[%emt 0:00:34]} O-O {[%emt 0:00:43]} 8. d4 {[%emt 0:00:35]} cxd4 {[%emt 0:00:06]} 9. cxd4 {[%emt 0:00:09]} d6 {[%emt 0:04:49]} 10. Nc3 {[%emt 0:01:32]} Bg4 {[%emt 0:01:55]} 11. h3 {[%emt 0:05:30]} Bxf3 {[%emt 0:00:08]} 12. Qxf3 {[%emt 0:00:28]} Nd7 {[%emt 0:00:09]} 13. d5 {[%emt 0:07:29]} c5 {[%emt 0:09:09]} 14. Qe2 {[%emt 0:12:32]} Rb8 {[%emt 0:00:24]} 15. Bg5 {[%emt 0:12:22]} h6 {[%emt 0:02:02]} 16. Be3 {[%emt 0:09:33]} Qa5 {[%emt 0:00:49]} 17. Rec1 {[%emt 0:07:16]} Rb4 {[%emt 0:11:38]} 18. Qd2 {[%emt 0:05:07]} Kh7 {[%emt 0:03:20]} 19. Nd1 {[%emt 0:09:43]} Qb6 {[%emt 0:02:18]} 20. Rab1 {[%emt 0:06:45]} Rb8 {[%emt 0:18:11]} 21. f3 {[%emt 0:02:56]} Qa6 {[%emt 0:11:04]} 22. Nc3 {[%emt 0:03:42]} Bxc3 {[%emt 0:03:44]} 23. Qxc3 {[%emt 0:00:22]} Qxa2 {[%emt 0:00:03]} 24. Ra1 {[%emt 0:01:41]} Qxb2 {[%emt 0:00:08]} 25. Rxa7 {[%emt 0:01:07]} Qxc3 {[%emt 0:00:12]} 26. Rxc3 {[%emt 0:00:02]} R4b7 {[%emt 0:00:35]} 27. Rxb7 {[%emt 0:01:15]} Rxb7 {[%emt 0:00:01]} 28. Kf2 {[%emt 0:01:06]} Rb2+ {[%emt 0:00:21]} 29. Kg3 {[%emt 0:00:51]} Nb6 {[%emt 0:03:03]} 30. Bc1 {[%emt 0:03:46]} Rb4 {[%emt 0:00:32]} 31. Ra3 {[%emt 0:00:25]} Nc4 {[%emt 0:00:39]} 32. Rc3 {[%emt 0:00:38]} e6 {[%emt 0:02:04]} 33. dxe6 {[%emt 0:01:19]} fxe6 {[%emt 0:00:02]} 34. Rd3 {[%emt 0:00:28]} Rb1 {[%emt 0:01:04]} 35. Bf4 {[%emt 0:01:28]} e5 {[%emt 0:00:22]} 36. Be3 {[%emt 0:00:01]} Nxe3 {[%emt 0:01:03]} 37. Rxe3 {[%emt 0:00:00]} Kg7 {[%emt 0:01:02]} 38. Rd3 {[%emt 0:01:28]} Rb6 {[%emt 0:00:06]} 39. Kg4 {[%emt 0:01:28]} Kf6 {[%emt 0:00:34]} 40. h4 {[%emt 0:00:00]} h5+ {[%emt 0:00:36]} 41. Kg3 {[%emt 0:02:09]} c4 {[%emt 0:01:40]} 42. Ra3 {[%emt 0:01:33]} Rc6 {[%emt 0:00:32]} 43. Rc3 {[%emt 0:00:59]} Ke6 {[%emt 0:00:07]} 44. Kf2 {[%emt 0:08:14]} d5 {[%emt 0:00:20]} 45. exd5+ {[%emt 0:00:10]} Kxd5 {[%emt 0:00:01]} 46. Ke3 {[%emt 0:00:24]} Rb6 {[%emt 0:00:21]} 47. Rc2 {[%emt 0:00:44]} Rb3+ {[%emt 0:00:20]} 48. Ke2 {[%emt 0:00:11]} Kc5 {[%emt 0:01:20]} 49. Ra2 {[%emt 0:01:17]} Kb4 {[%emt 0:01:07]} 50. g3 {[%emt 0:00:55]} c3 {[%emt 0:00:17]} 51. Ra6 {[%emt 0:01:30]} c2 {[%emt 0:00:46]} 52. Kd2 {[%emt 0:00:17]} Rxf3 {[%emt 0:00:39]} 53. Rxg6 {[%emt 0:04:20]} Rf2+ {[%emt 0:00:08]} 54. Kc1 {[%emt 0:00:05]} Kc3 {[%emt 0:00:23]} 55. Rc6+ {[%emt 0:00:14]} Kd3 {[%emt 0:00:05]} 56. Rd6+ {[%emt 0:00:29]} Ke3 {[%emt 0:00:12]} 57. Rh6 {[%emt 0:02:24]} Rg2 {[%emt 0:01:27]} 58. Re6 {[%emt 0:02:28]} e4 {[%emt 0:00:21]} 59. Re5 {[%emt 0:00:25]} Kf3 {[%emt 0:00:23]} 60. Rxh5 {[%emt 0:01:06]} e3 {[%emt 0:00:10]} 61. Rf5+ {[%emt 0:05:22]} Kxg3 {[%emt 0:01:00]} 62. Rf1 {[%emt 0:01:06]} e2 {[%emt 0:00:56]} 63. Re1 {[%emt 0:00:42]} Kf2 {[%emt 0:00:05]} 64. Kd2 {[%emt 0:00:10]} c1=Q+ {[%emt 0:00:07]} 65. Rxc1 {[%emt 0:00:08]} Rg8 {[%emt 0:00:10]} 66. Kd3 {[%emt 0:01:35]} e1=Q {[%emt 0:00:22]} 67. Rxe1 {[%emt 0:00:02]} Kxe1 {[%emt 0:00:01]} 0-1

[Event "EYCC 2017"]
[Site "Mamaia"]
[Date "2017.09.06"]
[Round "2"]
[White "Aciu, Malina-Andreea"]
[Black "Kostecka, Marika"]
[Result "0-1"]
[WhiteElo "2058"]
[BlackElo "1811"]
[Annotator "NA"]
[PlyCount "92"]
[EventDate "2017.??.??"]
[EventType "swiss"]
[EventCountry "ROU"]
[SourceTitle "playchess.com"]
[Source "ChessBase"]
[SourceQuality "1"]
[TimeControl "40/5400+30:1800+30"]

1. e4 {[%emt 0:00:00]} c5 {[%emt 0:00:09]} 2. Nf3 {[%emt 0:00:00]} d6 {[%emt 0:00:16]} 3. d4 {[%emt 0:00:00]} cxd4 {[%emt 0:00:17]} 4. Nxd4 {[%emt 0:00:00]} Nf6 {[%emt 0:00:19]} 5. Nc3 {[%emt 0:00:00]} a6 {[%emt 0:00:09]} 6. Qf3 {[%emt 0:00:12]} g6 {[%emt 0:09:51]} 7. h3 {[%emt 0:00:05]} Bg7 {[%emt 0:01:12]} 8. Bg5 {[%emt 0:00:10]} Nbd7 {[%emt 0:01:40]} 9. O-O-O {[%emt 0:02:05]} Qc7 {[%emt 0:00:54]} 10. Qe3 {[%emt 0:14:56]} h6 {[%emt 0:01:48]} 11. Bh4 {[%emt 0:00:42]} b5 {[%emt 0:01:02]} 12. f4 {[%emt 0:06:28]} Bb7 {[%emt 0:03:08]} 13. Bd3 {[%emt 0:08:07]} b4 {[%emt 0:03:38]} 14. Nce2 {[%emt 0:03:11]} Nc5 {[%emt 0:02:58]} 15. Ng3 {[%emt 0:04:08]} Rc8 {[%emt 0:01:59]} 16. Kb1 {[%emt 0:00:36]} Nxd3 {[%emt 0:02:39]} 17. cxd3 {[%emt 0:02:17]} Nd7 {[%emt 0:01:18]} 18. Rc1 {[%emt 0:01:53]} Qb6 {[%emt 0:01:20]} 19. Rxc8+ {[%emt 0:11:34]} Bxc8 {[%emt 0:00:21]} 20. Rc1 {[%emt 0:00:56]} Bb7 {[%emt 0:02:22]} 21. Nge2 {[%emt 0:00:24]} a5 {[%emt 0:02:30]} 22. g4 {[%emt 0:04:38]} a4 {[%emt 0:01:47]} 23. Nc2 {[%emt 0:15:47]} b3 {[%emt 0:01:24]} 24. Qxb6 {[%emt 0:21:49]} bxc2+ {[%emt 0:00:13]} 25. Rxc2 {[%emt 0:00:02]} Nxb6 {[%emt 0:00:16]} 26. Rc7 {[%emt 0:00:02]} Ba6 {[%emt 0:01:17]} 27. Rxe7+ {[%emt 0:00:27]} Kf8 {[%emt 0:00:11]} 28. Kc2 {[%emt 0:00:09]} g5 {[%emt 0:08:40]} 29. Ra7 {[%emt 0:00:43]} Bxd3+ {[%emt 0:01:05]} 30. Kxd3 {[%emt 0:00:03]} gxh4 {[%emt 0:00:15]} 31. Ra6 {[%emt 0:00:17]} Nd7 {[%emt 0:00:33]} 32. Rxd6 {[%emt 0:01:23]} Ke7 {[%emt 0:01:35]} 33. Rc6 {[%emt 0:02:02]} Rb8 {[%emt 0:01:51]} 34. e5 {[%emt 0:01:13]} Rxb2 {[%emt 0:04:20]} 35. Nd4 {[%emt 0:00:36]} Kd8 {[%emt 0:04:46]} 36. Rc4 {[%emt 0:00:25]} Rxa2 {[%emt 0:01:28]} 37. Nc6+ {[%emt 0:00:11]} Ke8 {[%emt 0:00:31]} 38. Nb4 {[%emt 0:00:25]} Ra3+ {[%emt 0:01:17]} 39. Ke4 {[%emt 0:00:04]} Kd8 {[%emt 0:09:34]} 40. Nc6+ {[%emt 0:00:00]} Kc7 {[%emt 0:00:28]} 41. Nd4+ {[%emt 0:02:13]} Kb6 {[%emt 0:03:53]} 42. Rb4+ {[%emt 0:02:09]} Ka6 {[%emt 0:01:14]} 43. Kd5 {[%emt 0:02:37]} Bf8 {[%emt 0:01:21]} 44. Rb1 {[%emt 0:01:50]} Nb6+ {[%emt 0:00:44]} 45. Ke4 {[%emt 0:00:27]} Rxh3 {[%emt 0:02:58]} 46. Nc6 {[%emt 0:00:08]} Rb3 {[%emt 0:00:42]} 0-1

[Event "EYCC 2017"]
[Site "Mamaia"]
[Date "2017.09.06"]
[Round "2"]
[White "Berdnyk, Mariia"]
[Black "Slaba, Andrea"]
[Result "1-0"]
[WhiteElo "2055"]
[BlackElo "1840"]
[Annotator "NA"]
[PlyCount "77"]
[EventDate "2017.??.??"]
[EventType "swiss"]
[EventCountry "ROU"]
[SourceTitle "playchess.com"]
[Source "ChessBase"]
[SourceQuality "1"]
[TimeControl "40/5400+30:1800+30"]

1. e4 {[%emt 0:00:00]} e6 {[%emt 0:00:06]} 2. d4 {[%emt 0:00:00]} d5 {[%emt 0:00:05]} 3. Nc3 {[%emt 0:00:00]} Nf6 {[%emt 0:00:13]} 4. Bg5 {[%emt 0:00:00]} dxe4 {[%emt 0:00:19]} 5. Nxe4 {[%emt 0:00:00]} Nbd7 {[%emt 0:00:11]} 6. Nf3 {[%emt 0:00:02]} Be7 {[%emt 0:00:15]} 7. Nxf6+ {[%emt 0:00:10]} Nxf6 {[%emt 0:00:10]} 8. Bd3 {[%emt 0:01:03]} h6 {[%emt 0:01:01]} 9. Bf4 $11 {[%emt 0:00:42]} O-O {[%emt 0:03:14]} 10. Qe2 {[%emt 0:01:48]} b6 {[%emt 0:02:12]} 11. O-O-O {[%emt 0:02:02]} Bb7 {[%emt 0:00:49]} 12. Ne5 {[%emt 0:01:40]} Qd5 {[%emt 0:05:14]} 13. Kb1 {[%emt 0:06:22]} Rac8 {[%emt 0:08:24]} 14. Rhg1 {[%emt 0:04:53]} Nh7 {[%emt 0:06:53]} 15. f3 {[%emt 0:08:57]} Qd8 {[%emt 0:00:44]} 16. g4 {[%emt 0:05:24]} Bg5 {[%emt 0:01:20]} 17. Bg3 {[%emt 0:02:59]} Bh4 {[%emt 0:02:47]} 18. Bxh4 {[%emt 0:07:05]} Qxh4 {[%emt 0:00:07]} 19. f4 {[%emt 0:03:40]} g5 {[%emt 0:10:56]} 20. Nd7 {[%emt 0:08:09]} Rfd8 {[%emt 0:03:41]} 21. Bxh7+ {[%emt 0:00:56]} Kxh7 {[%emt 0:00:07]} 22. Nf6+ {[%emt 0:00:32]} Kg6 {[%emt 0:00:34]} 23. Qe5 {[%emt 0:01:38]} gxf4 {[%emt 0:01:57]} 24. g5 {[%emt 0:00:47]} hxg5 {[%emt 0:01:33]} 25. Rg4 {[%emt 0:01:31]} Rd5 {[%emt 0:04:07]} 26. Qe4+ {[%emt 0:01:10]} Kxf6 {[%emt 0:00:08]} 27. Rxh4 {[%emt 0:00:04]} gxh4 {[%emt 0:00:05]} 28. c4 {[%emt 0:00:13]} Rf5 {[%emt 0:01:52]} 29. Qxb7 {[%emt 0:00:05]} Rg8 {[%emt 0:00:34]} 30. Qf3 {[%emt 0:03:28]} Rgg5 {[%emt 0:04:21]} 31. Rf1 {[%emt 0:03:25]} Rg8 {[%emt 0:02:11]} 32. Qe4 {[%emt 0:02:51]} Rg4 {[%emt 0:00:58]} 33. h3 {[%emt 0:00:19]} Rg3 {[%emt 0:00:16]} 34. Rxf4 {[%emt 0:01:02]} Rxh3 {[%emt 0:00:09]} 35. Rxh4 {[%emt 0:04:15]} Rhf3 {[%emt 0:02:46]} 36. a3 {[%emt 0:00:39]} Rf1+ {[%emt 0:02:36]} 37. Ka2 {[%emt 0:00:02]} Rc1 {[%emt 0:02:19]} 38. Rh6+ {[%emt 0:00:53]} Kg7 {[%emt 0:01:11]} 39. Qh4 {[%emt 0:00:10]} 1-0

[Event "EYCC 2017"]
[Site "Mamaia"]
[Date "2017.09.06"]
[Round "2"]
[White "Sucikova, Svetlana"]
[Black "Bulgurcu, Feyza Nur"]
[Result "1-0"]
[WhiteElo "2055"]
[BlackElo "1494"]
[Annotator "NA"]
[PlyCount "65"]
[EventDate "2017.??.??"]
[EventType "swiss"]
[EventCountry "ROU"]
[SourceTitle "playchess.com"]
[Source "ChessBase"]
[SourceQuality "1"]
[TimeControl "40/5400+30:1800+30"]

1. c4 {[%emt 0:00:00]} e5 {[%emt 0:00:05]} 2. g3 {[%emt 0:00:22]} Nf6 {[%emt 0:00:23]} 3. Bg2 {[%emt 0:01:21]} c6 {[%emt 0:01:57]} 4. d4 {[%emt 0:01:34]} e4 {[%emt 0:03:03]} 5. Nc3 {[%emt 0:02:41]} d5 {[%emt 0:00:35]} 6. cxd5 {[%emt 0:01:03]} cxd5 {[%emt 0:00:35]} 7. Bg5 {[%emt 0:01:58]} Bb4 {[%emt 0:03:03]} 8. Qb3 {[%emt 0:05:53]} Nc6 {[%emt 0:05:14]} 9. e3 {[%emt 0:00:54]} Be6 {[%emt 0:01:15]} 10. Nge2 {[%emt 0:02:19]} h6 {[%emt 0:04:36]} 11. Bxf6 {[%emt 0:01:56]} gxf6 {[%emt 0:09:09]} 12. a3 {[%emt 0:01:49]} Bxc3+ {[%emt 0:00:23]} 13. Qxc3 {[%emt 0:02:49]} Rc8 {[%emt 0:03:36]} 14. O-O {[%emt 0:04:27]} Qb6 {[%emt 0:06:05]} 15. b4 {[%emt 0:06:42]} a5 {[%emt 0:03:34]} 16. Qc5 Qd8 {[%emt 0:07:47]} 17. Rfc1 {[%emt 0:11:30]} axb4 {[%emt 0:02:31]} 18. axb4 {[%emt 0:00:35]} Qe7 {[%emt 0:02:51]} 19. Nf4 {[%emt 0:04:58]} O-O {[%emt 0:09:49]} 20. Nxd5 {[%emt 0:02:03]} Bxd5 {[%emt 0:05:50]} 21. Qxd5 {[%emt 0:00:09]} Nxb4 {[%emt 0:01:43]} 22. Qxe4 {[%emt 0:00:52]} Qxe4 {[%emt 0:02:26]} 23. Bxe4 {[%emt 0:00:08]} Rxc1+ {[%emt 0:01:35]} 24. Rxc1 {[%emt 0:03:53]} Na2 {[%emt 0:00:45]} 25. Rc2 {[%emt 0:03:21]} Re8 {[%emt 0:02:03]} 26. Bxb7 {[%emt 0:00:43]} Nb4 {[%emt 0:00:28]} 27. Rb2 {[%emt 0:04:56]} Nd3 {[%emt 0:00:17]} 28. Rb1 {[%emt 0:00:11]} Rb8 {[%emt 0:00:46]} 29. Kf1 {[%emt 0:00:07]} Kf8 {[%emt 0:03:42]} 30. Ke2 {[%emt 0:00:30]} Nxf2 {[%emt 0:01:38]} 31. Kxf2 {[%emt 0:00:08]} f5 {[%emt 0:00:35]} 32. Be4 {[%emt 0:00:13]} Rxb1 {[%emt 0:02:12]} 33. Bxb1 {[%emt 0:01:27]} 1-0

[Event "EYCC 2017"]
[Site "Mamaia"]
[Date "2017.09.06"]
[Round "2"]
[White "Ilyuchyk, Yana"]
[Black "Garcia Martin, Marta"]
[Result "0-1"]
[WhiteElo "2036"]
[BlackElo "2360"]
[Annotator "NA"]
[PlyCount "124"]
[EventDate "2017.??.??"]
[EventType "swiss"]
[EventCountry "ROU"]
[SourceTitle "playchess.com"]
[Source "ChessBase"]
[SourceQuality "1"]
[TimeControl "40/5400+30:1800+30"]

1. e4 {[%emt 0:00:00]} e5 {[%emt 0:00:09]} 2. Nf3 {[%emt 0:00:00]} Nc6 {[%emt 0:00:05]} 3. d4 {[%emt 0:00:00]} exd4 {[%emt 0:00:06]} 4. Nxd4 {[%emt 0:00:00]} Nf6 {[%emt 0:00:11]} 5. Nxc6 {[%emt 0:00:00]} bxc6 {[%emt 0:00:06]} 6. e5 {[%emt 0:00:00]} Nd5 {[%emt 0:00:10]} 7. c4 {[%emt 0:00:01]} Nb6 {[%emt 0:01:13]} 8. Bd3 {[%emt 0:00:14]} Qh4 $16 {[%emt 0:13:32]} (8... g6 $11 {keeps the balance.}) 9. O-O {[%emt 0:17:52]} Bb7 {[%emt 0:23:54]} 10. Nc3 {[%emt 0:13:32]} Be7 {[%emt 0:06:27]} 11. Ne4 {[%emt 0:10:55]} c5 {[%emt 0:05:23]} 12. Re1 {[%emt 0:07:19]} O-O-O {[%emt 0:10:56]} 13. Ng3 {[%emt 0:00:58]} g6 {[%emt 0:02:16]} 14. Be4 {[%emt 0:02:58]} Ba6 {[%emt 0:03:17]} 15. b3 {[%emt 0:13:51]} d6 {[%emt 0:01:04]} 16. exd6 {[%emt 0:01:46]} Bf6 {[%emt 0:10:19]} 17. Bf5+ {[%emt 0:13:31]} gxf5 {[%emt 0:06:13]} 18. Nxf5 {[%emt 0:00:04]} Rxd6 {[%emt 0:00:07]} 19. Nxd6+ {[%emt 0:01:41]} cxd6 {[%emt 0:00:04]} 20. Qxd6 {[%emt 0:00:05]} Rd8 {[%emt 0:10:38]} 21. Qc6+ {[%emt 0:01:16]} Kb8 {[%emt 0:00:13]} 22. g3 {[%emt 0:00:12]} Bb7 {[%emt 0:00:43]} 23. gxh4 {[%emt 0:12:07]} Bxc6 {[%emt 0:00:04]} 24. Bf4+ {[%emt 0:00:02]} Kb7 {[%emt 0:00:19]} 25. Rad1 {[%emt 0:00:50]} Rg8+ {[%emt 0:03:14]} 26. Bg3 {[%emt 0:00:05]} Nc8 {[%emt 0:00:23]} 27. Kf1 {[%emt 0:00:49]} Bc3 {[%emt 0:01:07]} 28. Re3 {[%emt 0:00:18]} Bd4 {[%emt 0:00:08]} 29. Red3 {[%emt 0:00:27]} Rg4 {[%emt 0:02:01]} 30. f3 {[%emt 0:00:20]} Rg6 {[%emt 0:00:28]} 31. Kg2 {[%emt 0:03:40]} Re6 {[%emt 0:00:35]} 32. R1d2 {[%emt 0:00:31]} Ne7 {[%emt 0:00:24]} 33. Bf2 {[%emt 0:00:31]} Nf5 {[%emt 0:00:21]} 34. Bxd4 {[%emt 0:00:17]} cxd4 {[%emt 0:00:35]} 35. Kf2 {[%emt 0:00:21]} Rh6 {[%emt 0:00:31]} 36. Rxd4 {[%emt 0:00:44]} Nxd4 {[%emt 0:00:08]} 37. Rxd4 {[%emt 0:00:02]} Rf6 {[%emt 0:00:22]} 38. Rd3 {[%emt 0:00:24]} Kb6 {[%emt 0:00:52]} 39. a3 {[%emt 0:01:07]} Kc5 {[%emt 0:00:26]} 40. Kg3 {[%emt 0:00:00]} Rg6+ {[%emt 0:00:44]} 41. Kf4 {[%emt 0:05:29]} Rg2 {[%emt 0:05:29]} 42. Re3 {[%emt 0:04:44]} Rb2 {[%emt 0:13:24]} 43. Kg5 {[%emt 0:09:13]} Kd4 {[%emt 0:02:34]} 44. Re7 {[%emt 0:00:12]} Rxb3 {[%emt 0:00:51]} 45. Rc7 {[%emt 0:05:53]} Bxf3 {[%emt 0:04:39]} 46. Rxa7 {[%emt 0:00:14]} Rb7 {[%emt 0:00:10]} 47. Ra6 {[%emt 0:01:45]} Be4 {[%emt 0:01:43]} 48. Rf6 {[%emt 0:01:09]} Kxc4 {[%emt 0:01:43]} 49. h5 {[%emt 0:02:34]} Kd4 {[%emt 0:01:25]} 50. a4 {[%emt 0:02:13]} Ke5 {[%emt 0:00:52]} 51. a5 {[%emt 0:00:11]} Ra7 {[%emt 0:01:36]} 52. h4 {[%emt 0:01:45]} Rxa5 {[%emt 0:01:08]} 53. Rxf7 {[%emt 0:00:05]} Ke6+ {[%emt 0:00:06]} 54. Kh6 {[%emt 0:00:05]} Rxh5+ {[%emt 0:00:06]} 55. Kg7 {[%emt 0:00:25]} Rxh4 {[%emt 0:00:19]} 56. Ra7 {[%emt 0:00:38]} Ke5 {[%emt 0:01:25]} 57. Ra1 {[%emt 0:00:42]} Kf4 {[%emt 0:00:58]} 58. Rf1+ {[%emt 0:00:06]} Bf3 {[%emt 0:00:18]} 59. Ra1 {[%emt 0:00:11]} h5 {[%emt 0:00:22]} 60. Kh6 {[%emt 0:00:40]} Rg4 {[%emt 0:00:51]} 61. Rf1 {[%emt 0:02:23]} h4 {[%emt 0:00:26]} 62. Ra1 {[%emt 0:00:56]} h3 {[%emt 0:00:18]} 0-1

[Event "EYCC 2017"]
[Site "Mamaia"]
[Date "2017.09.06"]
[Round "2"]
[White "Hercog, Nusa"]
[Black "Hajiyeva, Laman"]
[Result "0-1"]
[WhiteElo "2034"]
[BlackElo "1818"]
[Annotator "NA"]
[PlyCount "76"]
[EventDate "2017.??.??"]
[EventType "swiss"]
[EventCountry "ROU"]
[SourceTitle "playchess.com"]
[Source "ChessBase"]
[SourceQuality "1"]
[TimeControl "40/5400+30:1800+30"]

1. d4 {[%emt 0:00:00]} d5 {[%emt 0:00:05]} 2. c4 {[%emt 0:00:00]} c6 {[%emt 0:00:02]} 3. Nf3 {[%emt 0:00:16]} Nf6 {[%emt 0:00:03]} 4. Nc3 {[%emt 0:00:40]} e6 {[%emt 0:00:04]} 5. cxd5 {[%emt 0:01:47]} cxd5 {[%emt 0:00:24]} 6. Bg5 {[%emt 0:01:47]} Bd6 {[%emt 0:02:24]} 7. e3 {[%emt 0:02:11]} O-O {[%emt 0:02:56]} 8. Bd3 {[%emt 0:01:47]} Nbd7 {[%emt 0:02:31]} 9. Qc2 {[%emt 0:01:41]} h6 {[%emt 0:01:10]} 10. Bh4 {[%emt 0:00:32]} a6 {[%emt 0:01:48]} 11. a4 {[%emt 0:09:51]} b6 {[%emt 0:06:34]} 12. O-O {[%emt 0:04:43]} Bb7 {[%emt 0:00:12]} 13. Rac1 {[%emt 0:03:07]} Rc8 {[%emt 0:03:12]} 14. Qe2 {[%emt 0:01:24]} Qe7 {[%emt 0:07:25]} 15. Bxa6 {[%emt 0:12:06]} Bxa6 {[%emt 0:02:52]} 16. Qxa6 {[%emt 0:00:06]} Rc4 {[%emt 0:09:28]} 17. Qb5 {[%emt 0:10:33]} g5 {[%emt 0:03:09]} 18. Bg3 {[%emt 0:01:05]} Rfc8 {[%emt 0:01:50]} 19. Qb3 {[%emt 0:06:16]} Bxg3 {[%emt 0:00:37]} 20. hxg3 {[%emt 0:00:23]} Ne4 {[%emt 0:00:30]} 21. Rfd1 {[%emt 0:04:53]} g4 {[%emt 0:16:51]} 22. Nd2 {[%emt 0:07:35]} Nxd2 {[%emt 0:00:18]} 23. Rxd2 {[%emt 0:00:06]} h5 {[%emt 0:05:44]} 24. Re1 {[%emt 0:07:59]} f5 {[%emt 0:01:30]} 25. Ne2 {[%emt 0:07:12]} h4 {[%emt 0:01:01]} 26. Nf4 {[%emt 0:04:55]} hxg3 {[%emt 0:01:35]} 27. fxg3 {[%emt 0:00:13]} Nf6 {[%emt 0:01:54]} 28. Qxb6 {[%emt 0:01:35]} Ne4 {[%emt 0:00:19]} 29. Rdd1 {[%emt 0:00:34]} R4c6 {[%emt 0:00:24]} 30. Qb3 {[%emt 0:01:53]} Nxg3 {[%emt 0:01:21]} 31. Ne2 {[%emt 0:02:40]} Ne4 {[%emt 0:00:49]} 32. Nc3 {[%emt 0:02:17]} g3 {[%emt 0:02:01]} 33. Kf1 {[%emt 0:02:04]} Qh4 {[%emt 0:01:47]} 34. Ke2 {[%emt 0:01:01]} Nxc3+ {[%emt 0:01:25]} 35. bxc3 {[%emt 0:00:05]} Rxc3 {[%emt 0:00:05]} 36. Qb6 {[%emt 0:00:37]} Qh5+ {[%emt 0:00:17]} 37. Kf1 {[%emt 0:00:28]} Qh1+ {[%emt 0:00:09]} 38. Ke2 {[%emt 0:00:01]} Qxg2# {[%emt 0:00:05]} 0-1